Language Quiz

Random Language or French Quiz

French: Verbs Quiz Stats

Quiz Updated Jun 3, 2016

Also try: French: Days
Challenge
Share
Tweet
Embed
Score 0/100 Timer 10:00
11 Plays Today
English Verb French Verb % Correct
to likeaimer
92.7%
to goaller
91.8%
to eatmanger
81.3%
to beêtre
80.8%
to have; to obtainavoir
79.7%
to drinkboire
79.2%
to choosechoisir
77.4%
to do; to makefaire
76.2%
to sleepdormir
75.2%
to understandcomprendre
75%
to finish; to closefinir
74.7%
to call; to nameappeler
74.7%
to readlire
74.5%
to speakparler
74.5%
to writeécrire
72.7%
to acceptaccepter
72.5%
to play; to actjouer
70.5%
to say; to telldire
69.5%
to diemourir
68.4%
to givedonner
68.4%
to thinkpenser
67.9%
to waitattendre
67.7%
to learn; to teachapprendre
65.4%
to dancedanser
65.1%
to buyacheter
64.6%
to paypayer
64.2%
to know (someone)connaître
64.1%
to forgetoublier
63.2%
to changechanger
62.4%
to runcourir
62.3%
to listenécouter
61.6%
to washse laver
61.6%
to singchanter
61.5%
to pass; to spendpasser
60.5%
English Verb French Verb % Correct
to know (something)savoir
59.4%
to leave; to departpartir
59.1%
to sendenvoyer
58.6%
to live (somewhere)habiter
57.9%
to comevenir
57.8%
to believecroire
57.7%
to studyétudier
57.2%
to takeprendre
57%
to swimnager
56.5%
to answer; to respondrépondre
56.5%
to openouvrir
56.1%
to put; to put onmettre
55.8%
to falltomber
55.8%
to receiverecevoir
55.5%
to tryessayer
55.2%
to see (something)voir
55.2%
to have to; to owedevoir
54%
to be ablepouvoir
54%
to closefermer
53.7%
to smokefumer
53.2%
to live (life)vivre
52.5%
to travelvoyager
52.4%
to find (something)trouver
49.8%
to sellvendre
49.4%
to askdemander
48.8%
to wantvouloir
48.3%
to permit; to allowpermettre
47.8%
to useutiliser
47.4%
to driveconduire
43.6%
to cookcuire/cuisiner
42.7%
to explainexpliquer
42.6%
to look forchercher
42.5%
to breakcasser
42.1%
to loseperdre
42%
English Verb French Verb % Correct
to establish; to settleétablir
41.9%
to offeroffrir
41.3%
to laughrire
40.9%
to cutcouper
40.6%
to flyvoler
38.5%
to drawdessiner
38.1%
to be necessaryfalloir
37.4%
to rainpleuvoir
37.1%
to countcompter
36.8%
to throwjeter/lancer
35.2%
to wake upse réveiller
35%
to needavoir besoin
34.4%
to bringapporter
33.9%
to pleaseplaire
33.1%
to cancelannuler
31.3%
to jumpsauter
30.8%
to hurtblesser
27.8%
to chatbavarder
26.8%
to coughtousser
26%
to borrowemprunter
26%
to fillremplir
24.7%
to holdtenir
24.3%
to keepgarder
24.2%
to combpeigner
22.8%
to fixréparer
22.5%
to give backrendre
22.4%
to be worthvaloir
21.8%
to worrys'inquiéter
21.4%
to complainse plaindre
20.6%
to expressexprimer
20.1%
to deservemériter
16.7%
to accomodateloger
13.6%

You're not logged in!

Compare scores with friends on all Sporcle quizzes.
Join for Free
OR
Log In

You Might Also Like...

Show Comments

Extras

Top Quizzes Today


Score Distribution

Your Account Isn't Verified!

In order to create a playlist on Sporcle, you need to verify the email address you used during registration. Go to your Sporcle Settings to finish the process.

Report this User

Report this user for behavior that violates our Community Guidelines.

Details: